000 00483nam a2200181 a 4500
001 512
003 CO-ViMGA
008 141112s2004 ck r 000 u spa d
040 _aCO-ViMGA
_bspa
_cCO-ViMGA
082 0 4 _aR346 C656c
100 1 _aColombia. Leyes, decretos,
_96163
245 1 0 _aCódigo civil y legislación complementaria
260 _aBogotá :
_bLegis,
_c1991
300 _a1440 p
490 _aSiempre al día
650 1 4 _aDERECHO CIVIL - CODIGOS
942 _2ddc
_cBK
999 _c12753
_d12753